| 000 | 00401nam a2200157Ia 4500 | ||
|---|---|---|---|
| 008 | 210716s1984 xx 000 0 und d | ||
| 020 | _a0-471-87179-6 | ||
| 041 | _aeng | ||
| 082 | _a658.4012 AAKD | ||
| 100 | _aAaker, David A. | ||
| 245 | _aDeveloping business strategies. | ||
| 250 | _a1 | ||
| 260 |
_aNew York _bJohn Wiley and Sons _c1984 |
||
| 300 | _axvi,391 | ||
| 650 | _aStrategic Management | ||
| 999 |
_c199611 _d199611 |
||